Prácticas Transnacionales y Discursos de Actores Religiosos en Cuba /
Guardat en:
| Autor principal: | |
|---|---|
| Format: | Text |
| Idioma: | Spanish |
| Publicat: |
Buenos Aires:
CLACSO
|
| Matèries: | |
| Etiquetes: |
Afegir etiqueta
Sense etiquetes, Sigues el primer a etiquetar aquest registre!
|
MARC
| LEADER | 00000 a a2200000 04500 | ||
|---|---|---|---|
| 001 | 35912 | ||
| 003 | cru CIDCACS/IIS | ||
| 005 | 20200925160311.0 | ||
| 008 | 171027b xxu||||| |||| 00| 0 spa d | ||
| 999 | |c 6248 |d 6248 | ||
| 020 | |a 978-987-1183-66-1 | ||
| 040 | |c CRAI/IIS |a CRAI/IIS | ||
| 090 | |a 05.03.04 M433c | ||
| 100 | 1 | |a Perera Pintado, Ana Celia |9 5770 | |
| 245 | |a Prácticas Transnacionales y Discursos de Actores Religiosos en Cuba / |c Ana Celia Perera Pintado | ||
| 260 | |a Buenos Aires: |b CLACSO | ||
| 300 | |a Páginas 141-162 | ||
| 650 | |a IDENTIDAD SOCIAL | ||
| 650 | |a RELIGION | ||
| 650 | |a NEOLIBERALISMO | ||
| 650 | |a REPRESENTACION SOCIAL | ||
| 650 | |a INVESTIGACION | ||
| 650 | |a CUBA | ||
| 942 | |2 ddc |c LI | ||
| 773 | 0 | |0 8618 |9 1436 |a Mato, Daniel |d Buenos Aires: CLACSO |o 03219 |t Cultura y transformaciones sociales en tiempos de globalización: |w (cru CIDCACS/IIS)35684 |z 978-987-1183-66-1 | |



